Normal view
MARC view
- Schreiber, Guus, Akkermans, Hans, Anjewierden, Anjo
Entry Personal Name
001 - CONTROL NUMBER
- control field: 62214
003 - CONTROL NUMBER IDENTIFIER
- control field: NUST
005 - DATE AND TIME OF LATEST TRANSACTION
- control field: 20210628202909.0
008 - FIXED-LENGTH DATA ELEMENTS
- fixed length control field: 210628|| aca||aabn | a|a d
040 ## - CATALOGING SOURCE
- Original cataloging agency: NUST
- Transcribing agency: NUST
100 ## - HEADING--PERSONAL NAME
- Personal name: Schreiber, Guus, Akkermans, Hans, Anjewierden, Anjo
670 ## - SOURCE DATA FOUND
- Source citation: Work cat.: (NUST): Schreiber, Guus, Akkermans, Hans, Anjewierden, Anjo, Knowledge engineering and management, 2003
